ბათუმის შოთა რუსთაველის სახელმწიფო უნივერსიტეტის ბიბლიოთეკა

Modern Trends in Psychosomatic Medicine 3 / (ბიბ.ჩანაწერი № 62949)

000 -LEADER
fixed length control field 00570nam a22001817a 4500
003 - CONTROL NUMBER IDENTIFIER
control field Ge_BSU
005 - DATE AND TIME OF LATEST TRANSACTION
control field 20250328103719.0
008 - FIXED-LENGTH DATA ELEMENTS--GENERAL INFORMATION
fixed length control field 250328s1976 enk||||| |||| 00| 0 eng d
020 ## - INTERNATIONAL STANDARD BOOK NUMBER
International Standard Book Number 0407313028x
041 ## - LANGUAGE CODE
Language code of text/sound track or separate title eng
080 ## - UNIVERSAL DECIMAL CLASSIFICATION NUMBER
Universal Decimal Classification number 616.1 M-78
245 ## - TITLE STATEMENT
Title Modern Trends in Psychosomatic Medicine 3 /
Statement of responsibility, etc. Editer O.W. Hill.
264 ## - PRODUCTION, PUBLICATION, DISTRIBUTION, MANUFACTURE, AND COPYRIGHT NOTICE
Place of production, publication, distribution, manufacture London :
Name of producer, publisher, distributor, manufacturer Butterworth,
Date of production, publication, distribution, manufacture, or copyright notice 1976.
300 ## - PHYSICAL DESCRIPTION
Extent 520 p.;
Other physical details 22 cm.
653 ## - INDEX TERM--UNCONTROLLED
keyword ფსიქოსომატური მედიცინა
700 ## - ADDED ENTRY--PERSONAL NAME
Personal name Hill, O.W.
Relator term რედაქტორი
9 (RLIN) 24707
942 ## - ADDED ENTRY ELEMENTS (KOHA)
Source of classification or shelving scheme
Koha item type წიგნი
ეგზემპლარები
Withdrawn status Lost status Source of classification or shelving scheme Damaged status Not for loan Permanent Location Current Location Shelving location Date acquired Cost, normal purchase price Full call number Barcode Date last seen Copy number Uniform Resource Identifier Price effective from Koha item type Public note
          ბათუმის შოთა რუსთაველის სახელმწიფო უნივერსიტეტის მთავარი ბიბლიოთეკა ბათუმის შოთა რუსთაველის სახელმწიფო უნივერსიტეტის მთავარი ბიბლიოთეკა წიგნსაცავი 2025-03-28 10.00 616.1 M-78 70954 2025-03-28 70954 ნაჩუქარი 2025-03-28 წიგნი 10 ლ.